| 000 | 00414cam a2200169ua 4500 | ||
|---|---|---|---|
| 020 | _c45.00 | ||
| 041 |
_aeng _h |
||
| 082 |
_a005.133 _bABO/LE |
||
| 100 | _aAbolrous, Sam A . | ||
| 245 |
_aLearn C in three days / _cSam Abolrous A. _hTextual Documents |
||
| 260 |
_aNew Delhi : _bB P B Publishers , _c1993. |
||
| 300 | _a189 ; . | ||
| 365 | _a45.00 | ||
| 504 | _a | ||
| 942 | _cBK | ||
| 999 |
_c9711 _d9711 |
||